[Event "SLO-ch blind"]
[Site "Okroglo"]
[Date "2008.04.29"]
[Round "6"]
[White "Novak, Ivan1111"]
[Black "Humski, Ladislav"]
[Result "1/2-1/2"]
[WhiteElo "1500"]
[BlackElo "1505"]
[PlyCount "31"]
[EventDate "2008.04.26"]
[EventType "swiss"]
[EventRounds "9"]
[EventCountry "SLO"]
[SourceTitle "EXT 2010"]
[Source "ChessBase"]
[SourceDate "2010.11.25"]
[SourceVersion "1"]
[SourceVersionDate "2010.11.25"]
[SourceQuality "1"]

1. e4 e5 2. Nf3 Nc6 3. Bc4 Nf6 4. d3 Bc5 5. Ng5 Rf8 6. Nc3 h6 7. Nf3 d6 8. Nd5 Na5 9. Nxf6+ Qxf6 10. Bd2 Nxc4 11. dxc4 Qg6 12. Nh4 Qf6 13. Nf3 g5 14. Qe2 g4 15. Ng1 Rg8 16. Be3 1/2-1/2